000 01403nam a2200337 c 4500
999 _c197353
_d197353
003 BLK
005 20201013092936.0
008 180411b bul|||||r ||||||| ||bul||
010 _aKNG00206631000
020 _a978-954-27-1519-1
040 _aBLK
041 _aBUL
_cBUL
072 7 _2bullib
_aН83
_xЧужда художествена литература Н
080 _aАмериканска литература (на САЩ)
_b821.111(73)
_x-93-312.9
_z821.111(73)-93-312.9
100 1 _aДонъли, Дженифър
_eпърви автор
_9332028
139 _aДонъли, Дженифър
_bД 78
245 1 0 _aТъмен прилив
_bРоман
_cДженифър Донъли; прев. от англ. Ирина Денева-Слав.
257 _aUSA
260 _aСофия
_bЕгмонт България
_c2016
_fСофия : Инвестпрес
300 _a338 с.
_c21 см
380 _aDX
490 1 _aСага за вода и огън
_vкн. 3
500 _aОриг. загл.: The waterfire saga: Dark tide. - Речник: с. 370-383.
659 _aН
700 1 _aДенева-Слав, Ирина
_eпрев. от англ.
_9383642
852 _aЦб 277463
856 4 _qpdf
856 4 _qpdf
942 _cKNG
_n0
_s1
944 _aCR
_c19.05.2017
_kВиолета_Тройчева
944 _aED
_c27.06.2017
_kГеновева_Генчева
999 _d197353